=LDR 00000nam 2200000 4500 =001 INLIS000000000006429 =005 20251110083109 =035 ##$$a 0010-1125000303 =007 ta =008 251110###########################0#ind## =082 ##$$a 302.2 =084 ##$$a 302.2 BAD p =100 #$$a Badan Koordinasi Keluarga Berencana Nasional =245 1#$$a Penelitian Dukun Sebagai Motivator /$c Badan Koordinasi Keluarga Berencana Nasional =260 ##$$a Modjosari :$b Badan Koordinasi Keluarga Berencana Nasional =300 ##$$a 12 Hal : $b Ilus ; $c 21 =650 #4$$a Keluarga Berencana =856 ##$$a Perpustakaan Kemendukbangga